000
00218 a2200097 4500
001
770
100
_a
Kiver,M.S
245
_a
Circuits and components, introduction to uhf
260
_a
_b
Nostrand
_c
090
_c
364
_d
364
942
_a
NUST-CAE
_c
M
_c
29335
999
_c
235843
_d
235843